书目信息 |
| 题名: |
甜菜高产栽培
|
|
| 作者: | 蔡葆 编著 | |
| 分册: | ||
| 出版信息: | 北京 金盾出版社 1992.2 |
|
| 页数: | 108页 | |
| 开本: | 19cm | |
| 丛书名: | ||
| 单 册: | ||
| 中图分类: | S566.3 | |
| 科图分类: | ||
| 主题词: | 甜菜--栽培 | |
| 电子资源: | ||
| ISBN: | 7-80022-439-2 | |
| 000 | 00856nam0 2200265 45 | |
| 001 | 0192015311 | |
| 005 | 20040521093029.5 | |
| 010 | @a7-80022-439-2@dCNY1.20 | |
| 020 | @aCN@b92015311 | |
| 092 | @a科技270-008 | |
| 100 | @a19921210d1992 em y0chiy0121 ea | |
| 101 | 0 | @achi |
| 102 | @aCN@b110000 | |
| 105 | @af z 000yy | |
| 106 | @ar | |
| 200 | 10 | @a甜菜高产栽培@Atian cai gao chan zai pei@f蔡 葆编著@Fcai bao bian zhu |
| 210 | @a北京@c金盾出版社@d1992.2 | |
| 215 | @a108页@d19cm | |
| 330 | @a本书介绍了甜菜的生物学特性、对环境条件的要求、优良品种、整地、施肥、播种、灌溉、田间管理、病虫害防治、收获贮藏等项技术,重点介绍了甜菜地膜覆盖栽培和纸筒育苗移栽技术。 | |
| 540 | 1 | @a甜菜@Atian cai |
| 606 | @a甜菜@x栽培 | |
| 690 | @aS566.3@v3 | |
| 701 | 0 | @a蔡葆@Acai bao@4编著 |
| 801 | 0 | @aCN@bNLC@c19921210 |
| 905 | @f3@b248157-159@dS566.3@e8 | |
| 甜菜高产栽培/蔡 葆编著.-北京:金盾出版社,1992.2 |
| 108页;19cm |
| ISBN 7-80022-439-2:CNY1.20 |
| 本书介绍了甜菜的生物学特性、对环境条件的要求、优良品种、整地、施肥、播种、灌溉、田间管理、病虫害防治、收获贮藏等项技术,重点介绍了甜菜地膜覆盖栽培和纸筒育苗移栽技术。 |
| ● |
| 相关链接 |
|
|
|
|
正题名:甜菜高产栽培
索取号:S566.3/8
 
预约/预借
| 序号 | 登录号 | 条形码 | 馆藏地/架位号 | 状态 | 备注 |
| 1 | 0248157 | 000717898 | 密集书库/ [索取号:S566.3/8] | 在馆 | |
| 2 | 0248158 | 000717905 | 第三借阅区/ [索取号:S566.3/8] | 在馆 | |
| 3 | 0248159 | 000717923 | 第三借阅区/ [索取号:S566.3/8] | 在馆 | |
| 4 | 0248160 | 000717914 | 第二样本阅览室/ [索取号:S566.3/8] | 在馆 |